000 00668nam a22002297a 4500
003 UA-OsUOA
001 36814
007 ta
008 20060215b un ||||| |||| 00| 0 ukr d
100 _aКристи А.
090 _a82 - 31. 161. 1
_bК 82
942 _cBK
040 _aUA-OsUOA
_brus
_cUA-OsUOA
_dUA-OsUOA
245 _aСмерть в облаках. Убить легко
_bРасскази
300 _a576 с.
955 _a3
041 _arus
080 _a82 - 31. 161. 1
260 _aК.
_bДОК УССР , журнал " Радуга "
_c1990
650 7 _a82 Література. Літературознавство
_2UDC
999 _c323069
_d323069